Špecifiká marketingu v kultúre

Uložené v:
Podrobná bibliografia
Hlavný autor: Tajtáková, Mária
Médium: Kapitola
Jazyk:Slovak
Tagy: Pridať tag
Žiadne tagy, Buďte prvý, kto otaguje tento záznam!

MARC

LEADER 00000naa$a2200000$$$4500
001 0084608
005 20240502083224.8
041 0 |a slo 
044 |a CZ 
245 1 0 |a Špecifiká marketingu v kultúre  |c Mária Tajtáková 
100 1 |a Tajtáková, Mária